| 000 | 00504nam a22001577a 4500 | ||
|---|---|---|---|
| 003 | OSt | ||
| 005 | 20150905165312.0 | ||
| 008 | 150905b xxu||||| |||| 00| 0 eng d | ||
| 040 | _cRUA | ||
| 082 | _aAGR នូន 1991 B002 Or.1 | ||
| 100 |
_962 _aនួន ពុទ្ធារ៉ា |
||
| 245 | _aសិិក្សាប្រៀបធៀបទិន្នផលដំណាំពោតពូជនាំចូល | ||
| 260 |
_aPhnom Penh _bRUA _c1991 |
||
| 300 |
_a64p. _bill. _c29cm. |
||
| 942 |
_2ddc _cAGR |
||
| 999 |
_c59 _d59 |
||